[Event "Titled Tuesday intern op 26th Nov Late"]
[Site "Chess.com INT"]
[Date "2024.11.26"]
[Round "6"]
[White "Bastos Seixas, Pedro Lucas"]
[Black "Minina, Veronika"]
[Result "0-1"]
[WhiteElo "2047"]
[BlackElo "2057"]
[PlyCount "82"]
[EventDate "2024.11.26"]
[EventType "swiss (blitz)"]
[EventRounds "11"]
[EventCountry "USA"]
[SourceTitle "CB49_2024"]
[SourceDate "2024.12.04"]
[SourceVersion "1"]
[SourceVersionDate "2024.12.04"]
[SourceQuality "1"]

1. d4 Nf6 2. c4 g6 3. Nc3 Bg7 4. e4 d6 5. Be2 0-0 6. Bg5 h6 7. Bh4 c5 8. Nf3 Qa5 9. Qd2 cxd4 10. Nxd4 Nc6 11. Nc2 Be6 12. 0-0 a6 13. f3 Rac8 14. Be1 Qb6+ 15. Kh1 Ne5 16. Nd5 Bxd5 17. cxd5 Rc7 18. Rb1 Rfc8 19. Ne3 h5 20. b3 Bh6 21. Bf2 Qa7 22. Bd3 Rc3 23. Bc4 Rxe3 24. Rbe1 Nxc4 25. bxc4 Rxe1 26. Qxe1 Qb8 27. Bg3 Rxc4 28. e5 Nxd5 29. exd6 exd6 30. Qd1 Ne3 31. Qb3 Nxf1 32. Qxc4 Nxg3+ 33. hxg3 d5 34. Qxd5 Qxg3 35. Qd8+ Kg7 36. Qd4+ Kg8 37. Qd8+ Bf8 38. Qe8 h4 39. Qe4 h3 40. gxh3 Qxh3+ 41. Kg1 Bc5+ 0-1

[Event "Titled Tuesday intern op 26th Nov Late"]
[Site "Chess.com INT"]
[Date "2024.11.26"]
[Round "7"]
[White "Minina, Veronika"]
[Black "Basko, Bogdan"]
[Result "0-1"]
[WhiteElo "2057"]
[BlackElo "2179"]
[PlyCount "84"]
[EventDate "2024.11.26"]
[EventType "swiss (blitz)"]
[EventRounds "11"]
[EventCountry "USA"]
[SourceTitle "CB49_2024"]
[SourceDate "2024.12.04"]
[SourceVersion "1"]
[SourceVersionDate "2024.12.04"]
[SourceQuality "1"]

1. Nf3 g6 2. g3 Bg7 3. Bg2 f5 4. 0-0 Nf6 5. c4 0-0 6. Nc3 d6 7. d4 Qe8 8. b4 c5 9. bxc5 dxc5 10. d5 Ne4 11. Nxe4 fxe4 12. Rb1 exf3 13. Bxf3 Nd7 14. d6 exd6 15. Qxd6 Qe5 16. Qd3 Nb6 17. Bb2 Qe7 18. Bxg7 Qxg7 19. a4 Bf5 20. e4 Be6 21. Rfc1 Nxc4 22. Be2 Ne5 23. Qe3 b6 24. a5 Rab8 25. axb6 axb6 26. f4 Nc6 27. e5 Nd4 28. Ba6 Bf5 29. Rb2 Qd7 30. Bc4+ Be6 31. Bf1 Kh8 32. Rcb1 Qc6 33. Bg2 Bd5 34. Rf2 Bxg2 35. Rxg2 Ra8 36. h4 Nf3+ 37. Kh1 Rfd8 38. Rf1 Nd4 39. h5 Ra2 40. Rfg1 Rxg2 41. Rxg2 Ra8 42. hxg6 Ra2 0-1

[Event "Titled Tuesday intern op 24th Sep Early"]
[Site "Chess.com INT"]
[Date "2024.09.24"]
[Round "9"]
[White "Kokoszczynski, Jan"]
[Black "Minina, Veronika"]
[Result "1-0"]
[WhiteElo "2329"]
[BlackElo "2057"]
[PlyCount "73"]
[EventDate "2024.09.24"]
[EventType "swiss (blitz)"]
[EventRounds "11"]
[EventCountry "USA"]
[SourceTitle "EXT 2025"]
[Source "ChessBase"]
[SourceDate "2024.10.14"]
[SourceVersion "1"]
[SourceVersionDate "2024.10.14"]
[SourceQuality "1"]

1. Nf3 Nf6 2. g3 g6 3. Bg2 Bg7 4. 0-0 0-0 5. b3 c5 6. Bb2 Nc6 7. c4 d6 8. Nc3 Rb8 9. d4 cxd4 10. Nxd4 Bd7 11. Rc1 Qb6 12. Nc2 Qa5 13. Ne3 Rfe8 14. Qd2 a6 15. a3 Qh5 16. Ncd5 Nxd5 17. Nxd5 Ne5 18. Nf4 Qh6 19. c5 Bc6 20. cxd6 exd6 21. Rfd1 Ng4 22. h3 Ne5 23. Qxd6 Nf3+ 24. Bxf3 Bxb2 25. Bxc6 bxc6 26. Rxc6 Be5 27. Qd2 Rxb3 28. Nd5 Qxh3 29. Qg5 Rxa3 30. e3 Bg7 31. Rc7 h6 32. Nf6+ Kf8 33. Nd7+ Kg8 34. Nf6+ Kf8 35. Qf4 Bxf6 36. Qxf6 Qe6 37. Qh8# 1-0

[Event "Titled Tuesday intern op 24th Sep Early"]
[Site "Chess.com INT"]
[Date "2024.09.24"]
[Round "4"]
[White "Minina, Veronika"]
[Black "Bakshi, Rutuja"]
[Result "1-0"]
[WhiteElo "2057"]
[BlackElo "2202"]
[PlyCount "95"]
[EventDate "2024.09.24"]
[EventType "swiss (blitz)"]
[EventRounds "11"]
[EventCountry "USA"]
[SourceTitle "EXT 2025"]
[Source "ChessBase"]
[SourceDate "2024.10.14"]
[SourceVersion "1"]
[SourceVersionDate "2024.10.14"]
[SourceQuality "1"]

1. Nf3 d5 2. g3 c6 3. Bg2 Bf5 4. c4 e6 5. 0-0 Nf6 6. cxd5 exd5 7. d3 h6 8. Nc3 Be7 9. e4 dxe4 10. dxe4 Qxd1 11. Rxd1 Nxe4 12. Nxe4 Bxe4 13. Re1 Bxf3 14. Bxf3 Nd7 15. Bf4 Kf8 16. Rad1 Nf6 17. Rd3 Rd8 18. Rde3 Bb4 19. R1e2 Bc5 20. Rb3 Rd7 21. Rc2 Bb6 22. Bd2 Nd5 23. a4 f5 24. a5 Bd8 25. a6 bxa6 26. Rxc6 Kf7 27. Rb8 g6 28. Rxa6 Ne7 29. Bc3 Re8 30. Rf6+ Kg8 31. Be2 Nd5 32. Rxg6+ Kh7 33. Bh5 Nxc3 34. bxc3 Re1+ 35. Kg2 f4 36. Rc6 fxg3 37. hxg3 Bb6 38. Bg4 Rf7 39. f4 Re3 40. Bd1 Rd7 41. Bc2+ Kg7 42. Bf5 Rd2+ 43. Kh3 Re7 44. Rg6+ Kf7 45. Rh8 Bg1 46. Kg4 Rg2 47. Rh7+ Ke8 48. Rg8# 1-0

[Event "Titled Tuesday intern op 24th Sep Early"]
[Site "Chess.com INT"]
[Date "2024.09.24"]
[Round "7"]
[White "Minina, Veronika"]
[Black "Ugorek, Kacper"]
[Result "1-0"]
[WhiteElo "2057"]
[BlackElo "2208"]
[PlyCount "87"]
[EventDate "2024.09.24"]
[EventType "swiss (blitz)"]
[EventRounds "11"]
[EventCountry "USA"]
[SourceTitle "EXT 2025"]
[Source "ChessBase"]
[SourceDate "2024.10.14"]
[SourceVersion "1"]
[SourceVersionDate "2024.10.14"]
[SourceQuality "1"]

1. Nf3 Nf6 2. g3 g6 3. Bg2 Bg7 4. 0-0 0-0 5. c4 b6 6. Nc3 Bb7 7. d3 d6 8. Rb1 Nbd7 9. b4 a5 10. a3 axb4 11. axb4 Qc8 12. Bb2 e5 13. e4 Ne8 14. Nd5 Qd8 15. h4 c6 16. Ne3 Nc7 17. Bc3 Qe7 18. Qc2 h5 19. Ra1 Bh6 20. Qb3 Ne6 21. Ra2 Rxa2 22. Qxa2 Ra8 23. Qb3 f6 24. Bh3 c5 25. Nd5 Bxd5 26. cxd5 Nd4 27. Bxd4 cxd4 28. Be6+ Kg7 29. Qc4 Nf8 30. Bh3 Ra7 31. Qc8 Kf7 32. Rb1 Qe8 33. Qc4 Qb8 34. Rd1 Ke7 35. Nd2 Bxd2 36. Rxd2 Rc7 37. Qa6 Qa7 38. Ra2 Qxa6 39. Rxa6 Rb7 40. Bc8 Rb8 41. Ra7+ Kd8 42. Ba6 Ke8 43. Bb5+ Kd8 44. Rf7 1-0

[Event "Titled Tuesday intern op 24th Sep Early"]
[Site "Chess.com INT"]
[Date "2024.09.24"]
[Round "11"]
[White "Sanhueza, Cristian"]
[Black "Minina, Veronika"]
[Result "0-1"]
[WhiteElo "2194"]
[BlackElo "2057"]
[PlyCount "64"]
[EventDate "2024.09.24"]
[EventType "swiss (blitz)"]
[EventRounds "11"]
[EventCountry "USA"]
[SourceTitle "EXT 2025"]
[Source "ChessBase"]
[SourceDate "2024.10.14"]
[SourceVersion "1"]
[SourceVersionDate "2024.10.14"]
[SourceQuality "1"]

1. e4 c5 2. Nf3 Nc6 3. d4 cxd4 4. Nxd4 g6 5. Nc3 Bg7 6. Be3 Nf6 7. Bc4 0-0 8. Bb3 d6 9. h3 Bd7 10. 0-0 Nxd4 11. Bxd4 Bc6 12. Re1 a5 13. a4 b6 14. Nd5 Nd7 15. Bxg7 Kxg7 16. Qd4+ Kg8 17. h4 Nc5 18. h5 e5 19. Qe3 Qh4 20. hxg6 hxg6 21. Bc4 Kg7 22. g3 Qg4 23. Kg2 Rh8 24. Rh1 Nxe4 25. Rad1 Nf6 26. b3 Rxh1 27. Kxh1 Qxd1+ 28. Kg2 Nxd5 29. Bxd5 Bxd5+ 30. f3 Qxc2+ 31. Kh3 Rh8+ 32. Kg4 Qf5# 0-1

[Event "Titled Tuesday intern op 23rd Jul Late"]
[Site "Chess.com INT"]
[Date "2024.07.23"]
[Round "7"]
[White "Golubovskis, Maksims"]
[Black "Minina, Veronika"]
[Result "1-0"]
[WhiteElo "2176"]
[BlackElo "2057"]
[PlyCount "105"]
[EventDate "2024.07.23"]
[EventType "swiss (blitz)"]
[EventRounds "11"]
[EventCountry "USA"]
[SourceTitle "EXT 2025"]
[Source "ChessBase"]
[SourceDate "2024.10.14"]
[SourceVersion "1"]
[SourceVersionDate "2024.10.14"]
[SourceQuality "1"]

1. e4 c5 2. Nf3 g6 3. d4 cxd4 4. Qxd4 Nf6 5. e5 Nc6 6. Qa4 Nd5 7. Qe4 Nc7 8. Nc3 Ne6 9. Bc4 Bg7 10. 0-0 0-0 11. Rd1 Qc7 12. Nd5 Qb8 13. Be3 Re8 14. Nf4 Nxe5 15. Nxe6 Nxf3+ 16. Qxf3 dxe6 17. c3 b6 18. Bf4 Bb7 19. Qe2 Qc8 20. Rd2 a6 21. Rad1 b5 22. Bb3 Bc6 23. h4 h5 24. Bg5 Qb7 25. Qe3 Bf6 26. Bxf6 exf6 27. Qh6 Qe7 28. Re1 Rad8 29. Rde2 Rd6 30. Re3 Red8 31. Rg3 Rd3 32. Ree3 Rxe3 33. fxe3 Be4 34. Qxh5 Kg7 35. Qg4 Bf5 36. Qf4 Rh8 37. Bd1 Rh6 38. e4 g5 39. hxg5 fxg5 40. Rxg5+ Bg6 41. e5 Qc5+ 42. Qd4 Qxd4+ 43. cxd4 Rh4 44. Rg4 Rxg4 45. Bxg4 Bb1 46. a3 Bd3 47. Kf2 Kg6 48. Ke3 Bf1 49. g3 Kg5 50. Bf3 Bc4 51. Bb7 a5 52. Ba6 Kg4 53. a4 1-0

[Event "Titled Tuesday intern op 23rd Jul Late"]
[Site "Chess.com INT"]
[Date "2024.07.23"]
[Round "2"]
[White "Minina, Veronika"]
[Black "Baches Garcia, Guillermo"]
[Result "0-1"]
[WhiteElo "2057"]
[BlackElo "2322"]
[PlyCount "62"]
[EventDate "2024.07.23"]
[EventType "swiss (blitz)"]
[EventRounds "11"]
[EventCountry "USA"]
[SourceTitle "EXT 2025"]
[Source "ChessBase"]
[SourceDate "2024.10.14"]
[SourceVersion "1"]
[SourceVersionDate "2024.10.14"]
[SourceQuality "1"]

1. d4 Nf6 2. c4 e6 3. g3 d5 4. Nf3 h6 5. Bg2 Bd6 6. 0-0 0-0 7. Nc3 Nc6 8. b3 dxc4 9. bxc4 e5 10. d5 Na5 11. Nd2 b6 12. Nce4 Ba6 13. Qc2 Nd7 14. Nxd6 cxd6 15. Ba3 Qc7 16. Rfc1 Nc5 17. Bb4 Ncb7 18. Bf1 Rac8 19. e4 Nc5 20. Bxa5 bxa5 21. Rab1 Rb8 22. Kg2 Rb4 23. a3 Rb6 24. Nb3 Rfb8 25. Nxc5 Qxc5 26. Rxb6 axb6 27. a4 Rf8 28. Bd3 Bc8 29. Rb1 Bd7 30. Qb3 Rb8 31. Qc2 Qc7 0-1

[Event "Titled Tuesday intern op 23rd Jul Late"]
[Site "Chess.com INT"]
[Date "2024.07.23"]
[Round "4"]
[White "Silva, Lucas"]
[Black "Minina, Veronika"]
[Result "1-0"]
[WhiteElo "2248"]
[BlackElo "2057"]
[PlyCount "81"]
[EventDate "2024.07.23"]
[EventType "swiss (blitz)"]
[EventRounds "11"]
[EventCountry "USA"]
[SourceTitle "EXT 2025"]
[Source "ChessBase"]
[SourceDate "2024.10.14"]
[SourceVersion "1"]
[SourceVersionDate "2024.10.14"]
[SourceQuality "1"]

1. d4 d5 2. Nf3 Nf6 3. c4 e6 4. g3 Be7 5. Bg2 0-0 6. Qc2 c6 7. 0-0 b6 8. b3 a5 9. Nbd2 Bb7 10. Bb2 Na6 11. e4 c5 12. e5 Nd7 13. Rad1 Qc8 14. h4 h6 15. cxd5 Bxd5 16. Nc4 cxd4 17. Nxd4 Bxg2 18. Kxg2 Nb4 19. Qe4 Nxa2 20. Nc6 Bc5 21. Nd6 Qc7 22. Nb5 Qc8 23. Bd4 Re8 24. Qf3 Nb4 25. Nxb4 Bxb4 26. Rc1 Qb8 27. Nc7 Bc5 28. Nxe8 Qxe8 29. Bxc5 Nxc5 30. Rfd1 Rd8 31. Rxd8 Qxd8 32. Rd1 Qc7 33. Rd6 Kh7 34. h5 Qe7 35. Qc6 Qg5 36. f4 Qxh5 37. Qf3 Qxf3+ 38. Kxf3 Nxb3 39. Rxb6 Nd4+ 40. Ke4 Ne2 41. g4 1-0

[Event "Titled Tuesday intern op 16th Jul Late"]
[Site "Chess.com INT"]
[Date "2024.07.16"]
[Round "5"]
[White "Papayan, Oleg"]
[Black "Minina, Veronika"]
[Result "1-0"]
[WhiteElo "2183"]
[BlackElo "2057"]
[PlyCount "83"]
[EventDate "2024.07.16"]
[EventType "swiss (blitz)"]
[EventRounds "11"]
[EventCountry "USA"]
[SourceTitle "EXT 2025"]
[Source "ChessBase"]
[SourceDate "2024.10.14"]
[SourceVersion "1"]
[SourceVersionDate "2024.10.14"]
[SourceQuality "1"]

1. b3 Nf6 2. Bb2 g6 3. g3 Bg7 4. Bg2 0-0 5. Nf3 d5 6. 0-0 c5 7. c4 Nc6 8. cxd5 Nxd5 9. Bxg7 Kxg7 10. d4 cxd4 11. Nxd4 Nxd4 12. Qxd4+ Nf6 13. Qb2 Rb8 14. Nc3 Kg8 15. Rfd1 Qa5 16. b4 Qb6 17. a4 Bg4 18. a5 Qe6 19. f3 Bh3 20. Bxh3 Qxh3 21. e4 Rfd8 22. e5 Nh5 23. Ne4 Ng7 24. Qf2 Qf5 25. Qxa7 Qxe5 26. Qe3 Nf5 27. Qc3 Nd4 28. Kg2 Rbc8 29. Qe3 Nc2 30. Rxd8+ Rxd8 31. Qb6 Qxa1 32. Qxd8+ Kg7 33. Qd2 Ne1+ 34. Kf2 Nxf3 35. Kxf3 Qa3+ 36. Qc3+ Qxc3+ 37. Nxc3 Kf6 38. b5 Ke6 39. a6 bxa6 40. bxa6 Kd7 41. a7 Kc7 42. a8Q 1-0

[Event "Titled Tuesday intern op 09th Jul Late"]
[Site "Chess.com INT"]
[Date "2024.07.09"]
[Round "3"]
[White "De Souza, Arthur Olintho"]
[Black "Minina, Veronika"]
[Result "1-0"]
[WhiteElo "2113"]
[BlackElo "2057"]
[PlyCount "53"]
[EventDate "2024.07.09"]
[EventType "swiss (blitz)"]
[EventRounds "11"]
[EventCountry "USA"]
[SourceTitle "EXT 2025"]
[Source "ChessBase"]
[SourceDate "2024.10.14"]
[SourceVersion "1"]
[SourceVersionDate "2024.10.14"]
[SourceQuality "1"]

1. e4 c5 2. Nc3 a6 3. Nge2 Nf6 4. a4 Nc6 5. d3 g6 6. g3 d6 7. Bg2 Bg7 8. 0-0 0-0 9. h3 Nd4 10. Nxd4 cxd4 11. Ne2 Nd7 12. f4 Rb8 13. f5 b5 14. axb5 axb5 15. g4 b4 16. Qe1 Nc5 17. Qf2 b3 18. Nxd4 bxc2 19. Nc6 Nxd3 20. Qxc2 Qb6+ 21. Kh1 Nb4 22. Nxe7+ Kh8 23. Qb3 Bd7 24. f6 Bxf6 25. Rxf6 Qd4 26. Qc3 Qd1+ 27. Rf1+ 1-0

[Event "Titled Tuesday intern op 02nd Jul Late"]
[Site "Chess.com INT"]
[Date "2024.07.02"]
[Round "5"]
[White "Coe, William R"]
[Black "Minina, Veronika"]
[Result "0-1"]
[WhiteElo "2078"]
[BlackElo "2057"]
[PlyCount "78"]
[EventDate "2024.07.02"]
[EventType "swiss (blitz)"]
[EventRounds "11"]
[EventCountry "USA"]
[SourceTitle "EXT 2025"]
[Source "ChessBase"]
[SourceDate "2024.10.14"]
[SourceVersion "1"]
[SourceVersionDate "2024.10.14"]
[SourceQuality "1"]

1. e4 e5 2. Nf3 Nc6 3. Bb5 a6 4. Ba4 g6 5. 0-0 Bg7 6. Re1 Nge7 7. c3 0-0 8. d4 d5 9. exd5 Qxd5 10. dxe5 Qxd1 11. Bxd1 Bf5 12. Bf4 Rad8 13. Na3 Nd5 14. Bg3 Rfe8 15. Bb3 Bg4 16. e6 fxe6 17. Ng5 h6 18. h3 Bf5 19. Nf3 Rd7 20. Nc4 Red8 21. Nce5 Nxe5 22. Bxe5 Re7 23. g4 Bd3 24. Rad1 Bxe5 25. Nxe5 Nf4 26. Nxd3 Rxd3 27. Bc2 Rxh3 28. Re4 g5 29. Bb3 Kf7 30. Rd8 Rd3 31. Rxd3 Nxd3 32. Re3 Nc1 33. Rf3+ Kg7 34. Bc4 e5 35. Rf5 Rd7 36. b3 Nd3 37. Kg2 e4 38. b4 b5 39. Bb3 c6 0-1

[Event "Titled Tuesday intern op 02nd Jul Early"]
[Site "Chess.com INT"]
[Date "2024.07.02"]
[Round "2"]
[White "Demidov, Mikhail"]
[Black "Minina, Veronika"]
[Result "1-0"]
[WhiteElo "2549"]
[BlackElo "2057"]
[PlyCount "119"]
[EventDate "2024.07.02"]
[EventType "swiss (blitz)"]
[EventRounds "11"]
[EventCountry "USA"]
[SourceTitle "EXT 2025"]
[Source "ChessBase"]
[SourceDate "2024.10.14"]
[SourceVersion "1"]
[SourceVersionDate "2024.10.14"]
[SourceQuality "1"]

1. d4 Nf6 2. Nf3 g6 3. g3 Bg7 4. b3 0-0 5. Bb2 Ne4 6. Bg2 d5 7. 0-0 c5 8. Qc1 cxd4 9. Nxd4 e5 10. Nf3 Nc6 11. Rd1 Qb6 12. e3 Be6 13. Nbd2 Nc5 14. Ng5 Rac8 15. Qb1 Bh6 16. Ngf3 Bg7 17. a3 Rfd8 18. Ng5 Bf5 19. h3 h6 20. Ngf3 Qc7 21. Nh4 Be6 22. Qa2 d4 23. e4 b5 24. Rac1 a6 25. Qb1 Qb6 26. Nhf3 Qc7 27. Ne1 Qd7 28. Kh2 Ne7 29. Nd3 f5 30. Re1 Nxe4 31. Nxe4 fxe4 32. Rxe4 Bd5 33. Nxe5 Qb7 34. c4 Bxe4 35. Bxe4 Qb6 36. Nd3 bxc4 37. bxc4 Nf5 38. Qc2 Rb8 39. c5 Qb3 40. c6 Qxc2 41. Rxc2 Rdc8 42. c7 Rb6 43. Nb4 Ne7 44. Bc1 Be5 45. Bxh6 Rxc7 46. Re2 a5 47. Nd5 Rbb7 48. Nxc7 Bxg3+ 49. Kxg3 Rxc7 50. Bd2 Kf7 51. Bd3 Kf6 52. Bxa5 Ra7 53. Bb4 Nd5 54. Re4 Nxb4 55. axb4 Rd7 56. b5 Rb7 57. Rxd4 Ke5 58. Re4+ Kd5 59. Rg4 Ke5 60. Rxg6 1-0

[Event "Titled Tuesday intern op 02nd Jul Late"]
[Site "Chess.com INT"]
[Date "2024.07.02"]
[Round "8"]
[White "Minina, Veronika"]
[Black "Merriman, John"]
[Result "1-0"]
[WhiteElo "2057"]
[BlackElo "2251"]
[PlyCount "41"]
[EventDate "2024.07.02"]
[EventType "swiss (blitz)"]
[EventRounds "11"]
[EventCountry "USA"]
[SourceTitle "EXT 2025"]
[Source "ChessBase"]
[SourceDate "2024.10.14"]
[SourceVersion "1"]
[SourceVersionDate "2024.10.14"]
[SourceQuality "1"]

1. Nf3 Nf6 2. g3 g6 3. Bg2 Bg7 4. 0-0 0-0 5. d4 c5 6. c4 d6 7. Nc3 cxd4 8. Nxd4 a6 9. e4 Qc7 10. Qe2 Nc6 11. Be3 Bg4 12. f3 Nxd4 13. Bxd4 Be6 14. b3 Rab8 15. Rac1 Qa5 16. Rfd1 b5 17. cxb5 axb5 18. e5 dxe5 19. Bxe5 b4 20. Na4 Ng4 21. Bxb8 1-0

[Event "Titled Tuesday intern op 25th Jun Early"]
[Site "Chess.com INT"]
[Date "2024.06.25"]
[Round "4"]
[White "Bongo Akanga Ndjila, Barthelemy"]
[Black "Minina, Veronika"]
[Result "0-1"]
[WhiteElo "1894"]
[BlackElo "2057"]
[PlyCount "110"]
[EventDate "2024.06.25"]
[EventType "swiss (blitz)"]
[EventRounds "11"]
[EventCountry "USA"]
[SourceTitle "EXT 2025"]
[Source "ChessBase"]
[SourceDate "2024.10.14"]
[SourceVersion "1"]
[SourceVersionDate "2024.10.14"]
[SourceQuality "1"]

1. d4 Nf6 2. c4 g6 3. Nc3 Bg7 4. e4 d6 5. Nge2 0-0 6. Ng3 c5 7. d5 e6 8. Be2 exd5 9. cxd5 Na6 10. 0-0 Nc7 11. Bg5 Qe8 12. Bf4 Qe7 13. e5 dxe5 14. d6 Qe6 15. Be3 Na6 16. Bxa6 bxa6 17. Bxc5 Bd7 18. Qd3 Rfc8 19. b4 e4 20. Qd2 a5 21. a3 axb4 22. axb4 a5 23. Rad1 axb4 24. Bxb4 Rab8 25. Ba5 Rb3 26. Nce2 Rd3 27. Qb4 Nd5 28. Qb7 Qxd6 29. Nxe4 Rxd1 30. Rxd1 Qc6 31. Qxc6 Bxc6 32. Nd6 Ra8 33. Be1 Bf8 34. Ne4 Ne7 35. Nf6+ Kg7 36. Ng4 h5 37. Ne3 Ba4 38. Bc3+ Kg8 39. Ra1 Bc6 40. Rxa8 Bxa8 41. Nd4 Nd5 42. Nxd5 Bxd5 43. Nb5 Bc5 44. Kf1 Bc4+ 45. Ke1 Bxb5 46. Bd2 Bc6 47. f3 Kf8 48. Bg5 Ke8 49. h4 Kd7 50. Ke2 Ke6 51. g4 Be7 52. Bxe7 Kxe7 53. gxh5 gxh5 54. Ke3 Kf6 55. f4 Kf5 0-1

[Event "Titled Tuesday intern op 25th Jun Early"]
[Site "Chess.com INT"]
[Date "2024.06.25"]
[Round "1"]
[White "Levitsky, Andrey"]
[Black "Minina, Veronika"]
[Result "1-0"]
[WhiteElo "2285"]
[BlackElo "2057"]
[PlyCount "115"]
[EventDate "2024.06.25"]
[EventType "swiss (blitz)"]
[EventRounds "11"]
[EventCountry "USA"]
[SourceTitle "EXT 2025"]
[Source "ChessBase"]
[SourceDate "2024.10.14"]
[SourceVersion "1"]
[SourceVersionDate "2024.10.14"]
[SourceQuality "1"]

1. e4 c5 2. Nf3 Nc6 3. d4 cxd4 4. Nxd4 g6 5. c4 Nf6 6. Nc3 Nxd4 7. Qxd4 d6 8. Be2 Bg7 9. Be3 0-0 10. Qd2 a5 11. 0-0 a4 12. Rad1 Qa5 13. Bd4 Be6 14. f4 Rfc8 15. b3 axb3 16. axb3 Qb4 17. f5 Bd7 18. Bxf6 Bxf6 19. Nd5 Qc5+ 20. Kh1 Kg7 21. fxg6 hxg6 22. Qf4 Be6 23. Nxf6 exf6 24. Qxf6+ Kg8 25. Bg4 Bxg4 26. Qxf7+ Kh8 27. Qf6+ Kh7 28. Rxd6 Rg8 29. h3 Raf8 30. Qe7+ Rg7 31. Qxf8 Qh5 32. Rd3 Be6 33. Rg3 b6 34. Qd6 Bf7 35. Qf4 b5 36. Rgf3 bxc4 37. bxc4 Bxc4 38. Rc1 Be6 39. Rg3 Bf7 40. Qg5 Be6 41. Qxh5+ gxh5 42. Rxg7+ Kxg7 43. Rc5 Kf6 44. Rxh5 Bc4 45. Ra5 Bd3 46. e5+ Ke6 47. Kh2 Be4 48. Kg3 Bf5 49. Kf2 Be4 50. h4 Bf5 51. g3 Bh7 52. Ke3 Bf5 53. Kf4 Bh7 54. g4 Bg6 55. Ra6+ Kd5 56. Rxg6 Kd4 57. e6 Kd3 58. e7 1-0

[Event "Titled Tuesday intern op 25th Jun Early"]
[Site "Chess.com INT"]
[Date "2024.06.25"]
[Round "10"]
[White "Minina, Veronika"]
[Black "Zong, Davis Jr"]
[Result "1-0"]
[WhiteElo "2057"]
[BlackElo "2317"]
[PlyCount "53"]
[EventDate "2024.06.25"]
[EventType "swiss (blitz)"]
[EventRounds "11"]
[EventCountry "USA"]
[SourceTitle "EXT 2025"]
[Source "ChessBase"]
[SourceDate "2024.10.14"]
[SourceVersion "1"]
[SourceVersionDate "2024.10.14"]
[SourceQuality "1"]

1. Nf3 d5 2. g3 Nf6 3. Bg2 Bf5 4. c4 c6 5. cxd5 cxd5 6. Qb3 Qb6 7. Qxb6 axb6 8. Nc3 Nc6 9. d3 h6 10. 0-0 e5 11. a3 d4 12. Nb5 Kd7 13. Bd2 Be7 14. Rac1 Rhc8 15. Rxc6 Kxc6 16. Nfxd4+ Kd7 17. Nxf5 Rc5 18. Nc3 Rb8 19. Nxg7 Rcc8 20. Bh3+ Kd8 21. Bxc8 Rxc8 22. Bxh6 Bxa3 23. bxa3 Rxc3 24. Bg5 Ke7 25. Rb1 Rc6 26. Nh5 Ke6 27. Nxf6 1-0

[Event "Titled Tuesday intern op 25th Jun Late"]
[Site "Chess.com INT"]
[Date "2024.06.25"]
[Round "3"]
[White "Raahul, VS."]
[Black "Minina, Veronika"]
[Result "1-0"]
[WhiteElo "2314"]
[BlackElo "2057"]
[PlyCount "77"]
[EventDate "2024.06.25"]
[EventType "swiss (blitz)"]
[EventRounds "11"]
[EventCountry "USA"]
[SourceTitle "EXT 2025"]
[Source "ChessBase"]
[SourceDate "2024.10.14"]
[SourceVersion "1"]
[SourceVersionDate "2024.10.14"]
[SourceQuality "1"]

1. c4 Nf6 2. Nc3 g6 3. e4 d6 4. g3 Bg7 5. Bg2 0-0 6. Nge2 c5 7. 0-0 Nc6 8. d3 a6 9. h3 Rb8 10. a4 Ne8 11. Be3 Nc7 12. d4 b6 13. Rb1 e5 14. d5 Nb4 15. f4 b5 16. b3 exf4 17. gxf4 bxc4 18. bxc4 a5 19. e5 Na8 20. Nb5 dxe5 21. Bxc5 Re8 22. fxe5 Bxe5 23. Ned4 Qh4 24. Nf3 Qg3 25. Nxe5 Qxe5 26. Qf3 Bf5 27. Bd6 Qg7 28. Bxb8 Bxb1 29. Rxb1 Rxb8 30. d6 Rd8 31. c5 Nc2 32. Rd1 Nb4 33. c6 Nb6 34. c7 Rf8 35. d7 Nxd7 36. Rxd7 Qa1+ 37. Bf1 Nc2 38. c8Q Ne1 39. Qxf7+ 1-0

[Event "Titled Tuesday intern op 18th Jun Late"]
[Site "Chess.com INT"]
[Date "2024.06.18"]
[Round "10"]
[White "Maltsevskaya, Aleksandra"]
[Black "Minina, Veronika"]
[Result "0-1"]
[WhiteElo "2386"]
[BlackElo "2057"]
[PlyCount "102"]
[EventDate "2024.06.18"]
[EventType "swiss (blitz)"]
[EventRounds "11"]
[EventCountry "USA"]
[SourceTitle "EXT 2025"]
[Source "ChessBase"]
[SourceDate "2024.10.14"]
[SourceVersion "1"]
[SourceVersionDate "2024.10.14"]
[SourceQuality "1"]

1. e4 c5 2. Nf3 Nc6 3. d4 cxd4 4. Nxd4 g6 5. c4 Nf6 6. Nc3 Nxd4 7. Qxd4 d6 8. Be3 Bg7 9. f3 0-0 10. Qd2 a5 11. Be2 a4 12. 0-0 Qa5 13. Rfd1 Be6 14. Rac1 Rfc8 15. b3 axb3 16. axb3 Qb4 17. Na4 Qxd2 18. Rxd2 Nd7 19. Rdc2 f5 20. Bd3 Rc6 21. exf5 gxf5 22. Nc3 Ne5 23. Be2 Kf7 24. Nb5 Rcc8 25. Nd4 Bd7 26. h3 Nc6 27. Nb5 Nb4 28. Rd2 Bxb5 29. f4 Bc6 30. Bh5+ Kf8 31. Re2 Be4 32. g4 Ra2 33. Rxa2 Nxa2 34. Re1 Nc3 35. Kf2 d5 36. Ra1 d4 37. Bd2 d3 38. Ra5 Bd4+ 39. Ke1 Nb1 40. gxf5 Nxd2 41. Kxd2 Bc5 42. Rb5 b6 43. b4 Bd4 44. c5 bxc5 45. bxc5 Bxc5 46. f6 exf6 47. Bg4 Rc7 48. Be6 Ke7 49. f5 Bd6 50. Ke3 Bc6 51. Ra5 Bb4 0-1

[Event "Titled Tuesday intern op 18th Jun Late"]
[Site "Chess.com INT"]
[Date "2024.06.18"]
[Round "4"]
[White "Minina, Veronika"]
[Black "Gutierrez Olivares, Daniel"]
[Result "1-0"]
[WhiteElo "2057"]
[BlackElo "2354"]
[PlyCount "73"]
[EventDate "2024.06.18"]
[EventType "swiss (blitz)"]
[EventRounds "11"]
[EventCountry "USA"]
[SourceTitle "EXT 2025"]
[Source "ChessBase"]
[SourceDate "2024.10.14"]
[SourceVersion "1"]
[SourceVersionDate "2024.10.14"]
[SourceQuality "1"]

1. Nf3 Nf6 2. g3 e6 3. Bg2 d5 4. 0-0 g6 5. c4 Bg7 6. d4 0-0 7. Nbd2 b6 8. b3 Re8 9. Bb2 a5 10. e3 Na6 11. a3 Bb7 12. Ne5 c5 13. Rc1 Rc8 14. f4 Qe7 15. Qf3 Rc7 16. Qe2 Rec8 17. g4 dxc4 18. Ndxc4 Bxg2 19. Qxg2 Nd5 20. e4 b5 21. Nxa5 Nb6 22. d5 exd5 23. exd5 Qd6 24. Rcd1 c4 25. bxc4 bxc4 26. Nac6 Nc5 27. Bd4 Nd3 28. Bxb6 Rb7 29. Nxc4 Qf6 30. Rxd3 Ra8 31. Bd4 Qh4 32. Bxg7 Kxg7 33. N4e5 Ra4 34. d6 h5 35. d7 hxg4 36. d8Q Qxd8 37. Nxd8 1-0